Los presidentes de México / (Record no. 160358)

MARC details
000 -LEADER
fixed length control field 00736nam a22002057a 4500
005 - DATE AND TIME OF LATEST TRANSACTION
control field 20220216103945.0
008 - FIXED-LENGTH DATA ELEMENTS--GENERAL INFORMATION
fixed length control field 220211b mx ||||| |||| 00| 0 sp d
020 ## - INTERNATIONAL STANDARD BOOK NUMBER
International Standard Book Number 9706905073
050 04 - LIBRARY OF CONGRESS CALL NUMBER
Classification number F1205
Item number R67 2001
100 1# - MAIN ENTRY--PERSONAL NAME
Personal name Rosas, Alejandro
245 14 - TITLE STATEMENT
Title Los presidentes de México /
Statement of responsibility, etc Alejandro Rosas, José Manuel Villalpando
250 ## - EDITION STATEMENT
Edition statement 1a ed.
260 ## - PUBLICATION, DISTRIBUTION, ETC. (IMPRINT)
Place of publication, distribution, etc México :
Name of publisher, distributor, etc Planeta,
Date of publication, distribution, etc 2001
300 ## - PHYSICAL DESCRIPTION
Extent 278 p. :
Other physical details il. ;
Dimensions 28 cm.
500 ## - GENERAL NOTE
General note Dato tomado de la pasta : La historia de los gobernantes de la nación (1821-2000) narrada para los lectores de hoy
504 ## - BIBLIOGRAPHY, ETC. NOTE
Bibliography, etc Incluye bibliografía e indice
650 #7 - SUBJECT ADDED ENTRY--TOPICAL TERM
Source of heading or term lemb
Topical term or geographic name as entry element Presidentes
General subdivision Historia
Geographic subdivision México
700 1# - ADDED ENTRY--PERSONAL NAME
Personal name Villalpando, José Manuel
Relator term autor
942 ## - ADDED ENTRY ELEMENTS (KOHA)
Source of classification or shelving scheme Biblioteca del Cogreso de los Estados Unidos
Koha item type Libro
Holdings
Estado de pérdida Fuente de clasificación Estado del daño No para préstamo Ubicación permanente Ubicación actual Apartado o colección Fecha de adquisición Edición Área del conocimiento Total Checkouts Clasificación Código de Barras Date last seen Número de copia Costo por reposición Tipo de recurso
  Biblioteca del Cogreso de los Estados Unidos     Biblioteca de la Preparatoria José Ma. Morelos Biblioteca de la Preparatoria José Ma. Morelos General 11/02/2022 1a ed. Ciencias Sociales y Administrativas   F1205 R67 2001 PJM000004189 11/02/2022 1 1.00 Libro
  Biblioteca del Cogreso de los Estados Unidos     Biblioteca de la Preparatoria José Ma. Morelos Biblioteca de la Preparatoria José Ma. Morelos General 11/02/2022 1a ed. Ciencias Sociales y Administrativas   F1205 R67 2001 PJM000004190 11/02/2022 2 1.00 Libro